书目信息 |
| 题名: |
世界遗产之旅系列
|
|
| 作者: | 胡允桓 编撰 | |
| 分册: | 皇宫御苑 | |
| 出版信息: | 北京 中国旅游出版社 2004 |
|
| 页数: | 156页 | |
| 开本: | 23cm | |
| 丛书名: | ||
| 单 册: | ||
| 中图分类: | K917 | |
| 科图分类: | ||
| 主题词: | 宫殿--简介--世界 , 宫苑--简介--世界 | |
| 电子资源: | ||
| ISBN: | 7-5032-2347-2 | |
| 000 | 00860oam2 2200241 45 | |
| 001 | 002721124 | |
| 005 | 20061210161159.51 | |
| 010 | @a7-5032-2347-2@dCNY38.00 | |
| 100 | @a20040802d2004 em y0chiy0110 ea | |
| 101 | 0 | @achi |
| 102 | @aCN@b110000 | |
| 105 | @aa z 000yy | |
| 200 | 1 | @a世界遗产之旅系列@AShi Jie Yi Chan Zhi Lu Xi Lie@i皇宫御苑@dRoyal Palace and Garden@f胡允桓编撰@FHu Yun Huan Bian Zhuan |
| 210 | @a北京@c中国旅游出版社@d2004 | |
| 215 | @a156页@c照片@d23cm | |
| 330 | @a本书介绍了明清故宫—紫禁城、塞外行宫—避暑山庄与外八庙、中国皇家园林的典范—颐和园、欧洲第一宫苑—凡尔赛宫、沙皇的艺术宫殿—圣彼得堡夏宫与冬宫等。 | |
| 517 | @a皇宫御苑@AHuang Gong Yu Yuan | |
| 606 | 0 | @a宫殿@x简介@y世界 |
| 606 | 0 | @a宫苑@x简介@y世界 |
| 690 | @aK917@v4 | |
| 701 | 0 | @a胡允桓@4编撰 |
| 801 | 0 | @aCN@bNLC@c20061210 |
| 905 | @f1@b345677@dK917@e103:2 | |
| 世界遗产之旅系列.皇宫御苑=Royal Palace and Garden/胡允桓编撰.-北京:中国旅游出版社,2004 |
| 156页:照片;23cm |
| ISBN 7-5032-2347-2:CNY38.00 |
| 本书介绍了明清故宫—紫禁城、塞外行宫—避暑山庄与外八庙、中国皇家园林的典范—颐和园、欧洲第一宫苑—凡尔赛宫、沙皇的艺术宫殿—圣彼得堡夏宫与冬宫等。 |
| ● |
| 相关链接 |
|
|
|
|
正题名:世界遗产之旅系列
索取号:K917/103:2
 
预约/预借
| 序号 | 登录号 | 条形码 | 馆藏地/架位号 | 状态 | 备注 |
| 1 | 0345677 | 203456777 | 第二样本阅览室/ [索取号:K917/103:2] | 在馆 | |
| 2 | 0600551 | 206005516 | 第二借阅区/ [索取号:K917/103:2] | 在馆 | |
| 3 | 0600552 | 206005525 | 第二借阅区/ [索取号:K917/103:2] | 在馆 | |
| 4 | 0600553 | 206005534 | 第二借阅区/ [索取号:K917/103:2] | 在馆 | |
| 5 | 0600554 | 206005543 | 第二借阅区/ [索取号:K917/103:2] | 在馆 | |
| 6 | 0600555 | 206005552 | 第二借阅区/ [索取号:K917/103:2] | 在馆 |